000 00451cam a2200181 4500
001 D9119
008 090401t1938 xxu||||| |||| 00| 0 eng d
035 _a(Sirsi) u17486
041 _aeng
050 _a346.410435
100 _aSwarbrick, John
245 _aEasements of light: modern methods of computing compensation Vol 2
260 _aLondon
_bB.T. Batsford
_c1938
300 _a3v. 24cm
350 _a0
942 _n0
948 _c04/03/1997
999 _c87517
_d87517